<?xml version="1.0" encoding="UTF-8"?><marc:collection xmlns:marc="http://www.loc.gov/MARC21/slim">
  <marc:record>
    <marc:leader>00000nam  2200000za 4500</marc:leader>
    <marc:controlfield tag="001">9.834705</marc:controlfield>
    <marc:controlfield tag="003">CaOODSP</marc:controlfield>
    <marc:controlfield tag="005">20221107150508</marc:controlfield>
    <marc:controlfield tag="007">cr |||||||||||</marc:controlfield>
    <marc:controlfield tag="008">170404s2017    oncoba #o    f|0| 0 fre d</marc:controlfield>
    <marc:datafield tag="020" ind1=" " ind2=" ">
      <marc:subfield code="z">0-660-93654-2</marc:subfield>
    </marc:datafield>
    <marc:datafield tag="040" ind1=" " ind2=" ">
      <marc:subfield code="a">CaOODSP</marc:subfield>
      <marc:subfield code="b">fre</marc:subfield>
    </marc:datafield>
    <marc:datafield tag="043" ind1=" " ind2=" ">
      <marc:subfield code="a">n-cn---</marc:subfield>
    </marc:datafield>
    <marc:datafield tag="086" ind1="1" ind2=" ">
      <marc:subfield code="a">D2-90/2017F-PDF</marc:subfield>
      <marc:subfield code="z">D2-90/1992-F</marc:subfield>
    </marc:datafield>
    <marc:datafield tag="100" ind1="1" ind2=" ">
      <marc:subfield code="a">Greenhous, Brereton, </marc:subfield>
      <marc:subfield code="d">1929-</marc:subfield>
    </marc:datafield>
    <marc:datafield tag="245" ind1="1" ind2="3">
      <marc:subfield code="a">Le Canada et la Bataille de Vimy, 9-12 avril 1917 </marc:subfield>
      <marc:subfield code="h">[ressource électronique] / </marc:subfield>
      <marc:subfield code="c">Brereton Greenhous, Stephen J. Harris, Jean Martin.</marc:subfield>
    </marc:datafield>
    <marc:datafield tag="260" ind1=" " ind2=" ">
      <marc:subfield code="a">[Ottawa] : </marc:subfield>
      <marc:subfield code="b">Forces canadiennes, Direction de l’Histoire et du patrimoine, </marc:subfield>
      <marc:subfield code="c">c1995, [2017].</marc:subfield>
    </marc:datafield>
    <marc:datafield tag="300" ind1=" " ind2=" ">
      <marc:subfield code="a">208 p. : </marc:subfield>
      <marc:subfield code="b">photographies, cartes, ill.</marc:subfield>
    </marc:datafield>
    <marc:datafield tag="500" ind1=" " ind2=" ">
      <marc:subfield code="a">Publi. aussi en anglais sous le titre : Canada and the Battle of Vimy Ridge, 9-12 April 1917.</marc:subfield>
    </marc:datafield>
    <marc:datafield tag="500" ind1=" " ind2=" ">
      <marc:subfield code="a">Le n° de catalogue (D2-90/1992-F) et ISBN (0-660-93654-2) d’une édition imprimée précédente (1992) sont imprimés dans cette édition électronique.</marc:subfield>
    </marc:datafield>
    <marc:datafield tag="504" ind1=" " ind2=" ">
      <marc:subfield code="a">Comprend des références bibliographiques.</marc:subfield>
    </marc:datafield>
    <marc:datafield tag="505" ind1="0" ind2=" ">
      <marc:subfield code="a">Remerciements -- Préface -- Ch. I. Le voyage des pèlerins -- Ch. II. Le chemin de la crête de Vimy -- Ch. III. Le lundi de Pâques -- Ch. IV. La fin de la bataille -- Ch. V. Le monument de Vimy -- Ch. VI. Les Canadiens En Artois -- Ch. VII. Quel Temps Faisait-Il Sur La Crête De Vimy Le 9 Avril 1917? -- Annexe -- Notes Concernant les sources.</marc:subfield>
    </marc:datafield>
    <marc:datafield tag="520" ind1=" " ind2=" ">
      <marc:subfield code="a">« Il y a 90 ans, au Canada, les citoyennes et les citoyens se définissaient d’abord en fonction de leurs régions, de leurs provinces, de leurs cultures ou de leurs communautés d’origine. Notre identité nationale n’était qu’une vague idée. À cette époque où le Canada devait encore se tailler une place sur l’échiquier mondial, notre pays a été appelé à se battre aux côtés des alliés durant la Première Guerre mondiale. L’histoire rapporte les victoires et le courage de nos soldats, mais s’il est un épisode rassembleur, c’est bien celui de la bataille de la crête de Vimy »--p. [10].</marc:subfield>
    </marc:datafield>
    <marc:datafield tag="692" ind1="0" ind2="7">
      <marc:subfield code="2">gccst</marc:subfield>
      <marc:subfield code="a">Guerre mondiale, 1914-1918</marc:subfield>
    </marc:datafield>
    <marc:datafield tag="692" ind1="0" ind2="7">
      <marc:subfield code="2">gccst</marc:subfield>
      <marc:subfield code="a">Champ de bataille</marc:subfield>
    </marc:datafield>
    <marc:datafield tag="700" ind1="1" ind2=" ">
      <marc:subfield code="a">Harris, Stephen J.</marc:subfield>
    </marc:datafield>
    <marc:datafield tag="700" ind1="1" ind2=" ">
      <marc:subfield code="a">Martin, Jean.</marc:subfield>
    </marc:datafield>
    <marc:datafield tag="710" ind1="1" ind2=" ">
      <marc:subfield code="a">Canada. </marc:subfield>
      <marc:subfield code="b">Ministère de la défense nationale. </marc:subfield>
      <marc:subfield code="b">Direction--Histoire et patrimoine.</marc:subfield>
    </marc:datafield>
    <marc:datafield tag="775" ind1="0" ind2="8">
      <marc:subfield code="t">Canada and the Battle of Vimy Ridge, 9-12 April 1917 </marc:subfield>
      <marc:subfield code="w">(CaOODSP)9.834700</marc:subfield>
    </marc:datafield>
    <marc:datafield tag="856" ind1="4" ind2="0">
      <marc:subfield code="q">PDF</marc:subfield>
      <marc:subfield code="s">162.84 Mo</marc:subfield>
      <marc:subfield code="u">https://publications.gc.ca/collections/collection_2017/mdn-dnd/D2-90-2017-fra.pdf</marc:subfield>
    </marc:datafield>
  </marc:record>
</marc:collection>
